La Eneida

Gardado en:
Detalles Bibliográficos
Main Authors: Virgilio (Author), Virgilio Marón, Publio (Author)
Formato: Libro
Idioma:Lingua castelá
Publicado: Santiago Universitaria 2010
Edición:1a. ed
Series:Los Clásicos
Subjects:
Acceso en liña:indice portada
Tags: Engadir etiqueta
Sen Etiquetas, Sexa o primeiro en etiquetar este rexistro!

MARC

LEADER 00000cam a2200000 a 4500
001 UCG6296
003 CL-VaPUC
008 110414e20100900CL |||||||||||||||||spa|d
020 |a 9789561121140 
082 0 4 |a 873  |b VIR  |2 21 
100 0 |a Virgilio  |e author  |9 266332 
700 0 |a Virgilio Marón, Publio  |e author  |9 266333 
245 1 3 |a La Eneida 
250 |a 1a. ed 
300 |a 366 p 
942 |c BK 
945 |d 20110414 00:00:00  |a jcampos 
260 |a Santiago  |b Universitaria  |c 2010 
500 |a Traducción de Egidio Poblete 
650 0 |a Poesías épicas latinas   |9 265355 
650 0 |a Literatura latina   |9 258055 
856 7 |f UCG6296_01.jpg  |u http://opac.pucv.cl/pucv_img/Img-6000/UCG6296_01.jpg  |q JEPG  |2 file  |z indice portada 
583 |a last modification  |c 20130513 12:27:34  |k Rodrigo Vera 
490 0 |a Los Clásicos 
999 |c 344564  |d 344562 
952 |0 0  |1 0  |4 0  |6 873_000000000000000_VIR_2010  |7 0  |8 R  |9 442597  |a BIBHIS  |b BIBHIS  |d 2019-11-22  |i 4766865  |l 1  |o 873 VIR 2010  |p 4766865  |r 2024-01-30  |s 2023-11-09  |w 2019-11-22  |y BK_R  |k HIS 
952 |0 0  |1 0  |4 0  |6 873_000000000000000_VIR_2010  |7 0  |8 R  |9 442598  |a BIBHIS  |b BIBHIS  |d 2019-11-22  |i 4795342  |l 3  |o 873 VIR 2010  |p 4795342  |r 2024-01-30  |s 2023-11-15  |w 2019-11-22  |y BK_R  |k HIS 
952 |0 0  |1 0  |4 0  |6 873_000000000000000_VIR_2010  |7 0  |8 R  |9 442599  |a BIBHIS  |b BIBHIS  |d 2019-11-22  |i 4973984  |o 873 VIR 2010  |p 4973984  |r 2024-01-30  |w 2019-11-22  |y BK_R  |k HIS 
952 |0 0  |1 0  |2 ddc  |3 erb  |4 0  |6 873_000000000000000_VIR_2010  |7 0  |8 R  |9 442600  |a BIBHIS  |b BIBHIS  |i 5082943  |l 2  |o 873 VIR 2010  |p 5082943  |r 2024-01-30  |s 2021-09-06  |w 2019-11-22  |y BK_R  |z Catalogado en:20140612  |k HIS 
952 |0 0  |1 0  |3 erb  |4 0  |6 873_000000000000000_VIR_2010  |7 0  |8 R  |9 442601  |a BIBHIS  |b BIBHIS  |i 5192420  |l 2  |o 873 VIR 2010  |p 5192420  |r 2024-01-30  |s 2023-11-23  |w 2019-11-22  |y BK_R  |z Catalogado en:20150731  |k HIS 
952 |0 0  |1 0  |3 erb  |4 0  |6 873_000000000000000_VIR_2010  |7 0  |8 A  |9 442602  |a BIBART  |b BIBART  |i 5361494  |l 2  |m 1  |o 873 VIR 2010  |p 5361494  |r 2025-04-14  |s 2025-03-31  |w 2019-11-22  |y BK  |z Catalogado en:20170303  |k ART 
952 |0 0  |1 0  |3 erb  |4 0  |6 873_000000000000000_VIR_2010  |7 0  |8 R  |9 442603  |a BIBHIS  |b BIBHIS  |i 5411769  |l 2  |o 873 VIR 2010  |p 5411769  |r 2024-01-30  |s 2023-11-07  |w 2019-11-22  |y BK_R  |z Catalogado en:20170728  |k HIS